[Event "Mumbai Wealth op 3rd"]
[Site "Mumbai"]
[Date "2018.01.02"]
[Round "4"]
[White "Ravi, Teja Sanka"]
[Black "Karthik, Gopal G"]
[Result "1-0"]
[WhiteElo "2378"]
[BlackElo "1805"]
[PlyCount "59"]
[EventDate "2017.12.30"]
[EventType "swiss"]
[EventRounds "9"]
[EventCountry "IND"]
[SourceTitle "CBM 182 Extra"]
[Source "ChessBase"]
[SourceDate "2018.02.23"]
[SourceVersion "1"]
[SourceVersionDate "2018.02.23"]
[SourceQuality "1"]

1. Nf3 Nf6 2. g3 d5 3. c4 e6 4. Bg2 c6 5. 0-0 Be7 6. d4 Nbd7 7. Nc3 0-0 8. Nd2 b6 9. e4 dxc4 10. Nxc4 Ba6 11. b3 b5 12. Ne3 b4 13. Ne2 Nb6 14. Bb2 Rc8 15. Re1 Bb5 16. Nf4 a5 17. Rc1 Qd7 18. Nd3 Rfd8 19. Qc2 Qa7 20. Red1 Nfd7 21. h3 h6 22. Kh2 c5 23. dxc5 Nxc5 24. Nxc5 Rxd1 25. Qxd1 Bxc5 26. Rxc5 Rxc5 27. Qd8+ Kh7 28. Bxg7 Rc8 29. Qf6 Kg8 30. Bxh6 1-0

[Event "Mumbai Wealth op 3rd"]
[Site "Mumbai"]
[Date "2017.12.30"]
[Round "1"]
[White "Karthik, Gopal G"]
[Black "Manthan, Kashyap Datta"]
[Result "1-0"]
[WhiteElo "1805"]
[BlackElo "1519"]
[PlyCount "127"]
[EventDate "2017.12.30"]
[EventType "swiss"]
[EventRounds "9"]
[EventCountry "IND"]
[SourceTitle "CBM 182 Extra"]
[Source "ChessBase"]
[SourceDate "2018.02.23"]
[SourceVersion "1"]
[SourceVersionDate "2018.02.23"]
[SourceQuality "1"]

1. e4 c5 2. c3 Nf6 3. e5 Nd5 4. d4 cxd4 5. cxd4 e6 6. Nf3 Nc6 7. a3 d6 8. Bd3 Qc7 9. 0-0 g6 10. Re1 Bg7 11. Qe2 0-0 12. Nc3 a6 13. Bg5 Bd7 14. Rac1 Rac8 15. Nxd5 exd5 16. Be7 Rfe8 17. Bxd6 Qd8 18. Qd2 Bg4 19. Be2 Bf8 20. Bxf8 Rxf8 21. h3 Bf5 22. Bd3 Bxd3 23. Qxd3 Qb6 24. Qd2 Na5 25. Qh6 f6 26. Rxc8 Rxc8 27. exf6 Qxf6 28. Rc1 Rxc1+ 29. Qxc1 Nc6 30. Qc5 Qf5 31. Qd6 Qe4 32. Qf6 Qe7 33. Qxe7 Nxe7 34. Kf1 Kg7 35. Ke2 Kf6 36. Kd3 Nf5 37. Ne5 Nd6 38. b3 Ke6 39. f3 Nf5 40. g4 Nd6 41. h4 Ke7 42. Ke3 Ke6 43. Nd3 b6 44. Nf4+ Kf7 45. Nxd5 b5 46. Kf4 b4 47. Nxb4 Nb5 48. Ke5 Nxa3 49. Nxa6 Nc2 50. b4 Ne1 51. b5 Nxf3+ 52. Kd5 h5 53. gxh5 g5 54. hxg5 Kg7 55. b6 Nxg5 56. b7 Kh7 57. b8Q Nf7 58. Qg3 Kh8 59. Ke6 Nh6 60. Kf6 Ng8+ 61. Kf7 Nh6+ 62. Kf8 Ng4 63. Qxg4 Kh7 64. Qg7# 1-0